02248cam a22003495a 45000010009000000050017000090080041000260100017000670200015000840200018000990400033001170430012001500820021001621000025001832450136002082600069003443000035004135040051004485200745004996500042012446500059012866500037013456510035013826530022014176550024014397000053014639420008015169990017015249520119015419520119016609520119017791226725820180326120810.0001228s2001 enka frb 001 0 eng d a 00069502  a1840646209 a9781840646207 aDLCbengcDLCdDLCdEG-ScBUE af-ua---04a339.962bABD2221 aAbdel-Khalek, Gouda.10aStabilization and adjustment in Egypt :breform or de-industrialzation? /cGouda Abdel-Khalek ; with a foreword by Ibrahim Shihata. aCheltenham, UK ;aNorthampton, MA :bEdward Elgar Pub.,cc.2001. axvii, 198 p. :bill. ;c25 cm. aIncludes bibliographical references and index. aThis book studies the impact of Egypt's Economic Reform and Structural Adjustment Programme (ERSAP), the effects of which have been of great interest to the international community. Organizations such as the World Bank and the IMF uphold the programme as a success story and example for other countries to follow. ERSAP also has its critics, however, who resent its tendency to downsize government and fear possible negative effects on growth and development. The author discusses these concerns along with those regarding the possible negative social effects of ERSAP." "This book will interest and inform practitioners, policymakers and scholars of economics, industrial economics, development economics and development studies."--Jacket. 7aEconomic stabilizationzEgypt.2BUEsh 7aStructural adjustment (Economic policy)zEgypt.2BUEsh 7aIndustrializationzEgypt.2BUEsh 7aEgyptxEconomic policy.2BUEsh bBUSECOcMarch2018 vReading book9342321 aShihata, Ibrahim, eauthor of introduction, etc. 2ddc c26406d26378 00102ddc40708BaccahaMAINbMAINc1STd2018-03-26ePurchasel0o339.962 ABDp000043084r2025-07-15 00:00:00yBB 00102ddc40708BaccahaMAINbMAINc1STd2018-03-26ePurchasel0o339.962 ABDp000043085r2025-07-15 00:00:00yBB 00102ddc40708BaccahaMAINbMAINc1STd2018-03-26ePurchasel0o339.962 ABDp000043086r2025-07-15 00:00:00yBB